Youth in the community of disciples. (Record no. 12488)

000 -LEADER
fixed length control field 00581nam a2200193 a 4500
001 - CONTROL NUMBER
control field :::00010290$&:&@@
003 - CONTROL NUMBER IDENTIFIER
control field OkBaRHE
005 - DATE AND TIME OF LATEST TRANSACTION
control field 20000607103357.0
008 - FIXED-LENGTH DATA ELEMENTS--GENERAL INFORMATION
fixed length control field s1984 j 000 0 eng u
040 ## - CATALOGING SOURCE
Transcribing agency
100 1# - MAIN ENTRY--PERSONAL NAME
Personal name Ng, David.
245 10 - TITLE STATEMENT
Title Youth in the community of disciples.
260 ## - PUBLICATION, DISTRIBUTION, ETC. (IMPRINT)
Place of publication, distribution, etc Valley Forge, PA., :
Name of publisher, distributor, etc Judson Press
Date of publication, distribution, etc c1984
300 ## - PHYSICAL DESCRIPTION
Extent 79 p. ;
Dimensions 22 cm.
650 ## - SUBJECT ADDED ENTRY--TOPICAL TERM
Topical term or geographic name as entry element Church Work with Youth
650 ## - SUBJECT ADDED ENTRY--TOPICAL TERM
Topical term or geographic name as entry element Youth
General subdivision Religious Life
942 ## - ADDED ENTRY ELEMENTS (KOHA)
Source of classification or shelving scheme
Koha item type Books
Copies
Withdrawn status Copy number Source of classification or shelving scheme Shelving location Not for loan Damaged status Full call number Koha item type Lost status Barcode Date last seen Permanent Location Date acquired Price effective from
 1 General Stacks  BV 4447 .N45Books 102902010-04-14RHEMA Bible Training College2010-04-142010-04-14